000
00270nam a22000977a 4500
005
20250901165412.0
008
210323b ||||| |||| 00| 0 eng d
050
_a
LB2341 .R68 1966
245
_a
THE MANAGERIAL REVOLUTION IN HIGHER EDUCATION
_c
ROURKE, FRANCIS E.
942
_2
lcc
999
_c
3372
_d
3372